[Event "Fast Game"]
[Site "www.echecsemail.com"]
[Date "2020.03.14"]
[Round "1"]
[White "Hennie4820"]
[Black "Ket"]
[WhiteElo "1540"]
[BlackElo "1599"]
[Result "0-1"]
[Round "1"]
1.e4 c5
2.Ng1f3 d6
3.d4 cxd4
4.Nf3xd4 Ng8f6
5.Nb1c3 e5
6.Nd4b3 a6
7.Bf1e2 Nb8c6
8.O-O Bc8e6
9.Bc1e3 Bf8e7
10.f3 O-O
11.Qd1d2 Qd8c7
12.Ra1c1 Ra8c8
13.a3 Rf8d8
14.Nc3d5 Be6xd5
15.exd5 Nc6b8
16.c4 Qc7d7
17.Be3b6 Rd8e8
18.Qd2d3 Be7f8
19.Nb3d2 Qd7e7
20.Nd2e4 Nb8d7
21.Bb6f2 Nf6xe4
22.Qd3xe4 Nd7c5
23.Bf2xc5 Rc8xc5
 { time }
0-1

[Event "Match"]
[Site "www.echecsemail.com"]
[Date "2020.03.14"]
[Round "1"]
[White "Sonny1000"]
[Black "Chessdna"]
[WhiteElo "1610"]
[BlackElo "1640"]
[Result "0-1"]
[Round "1"]
1.e4 e5
2.Ng1f3 c6
3.Qd1e2 d6
4.g3 Bc8g4
5.h3 Bg4h5
6.g4 Bh5g6
7.h4 f6
8.h5 Bg6f7
9.Nf3h4 g6
10.Nb1c3 gxh5
11.gxh5 Bf7e6
12.Qe2d3 Ng8e7
13.Qd3f3 Nb8d7
14.b4 Qd8b6
15.Qf3xf6 Nd7xf6
16.Ra1b1 Nf6g4
17.Rh1h2 Ng4xh2
18.Ke2 Be6g4
19.Ke1 O-O-O
20.Nc3a4 Qb6c7
21.Bf1e2 Bg4h3
22.c4 Rh8g8
23.c5 Rg8g1
24.Be2f1 Rg1xf1
25.Ke2 Bh3g4
26.Kd3 dxc5
27.Kc4 b5
{ resign }
0-1

[Event "1/8 Finale"]
[Site "www.chess-mail.com"]
[Date "2020.03.14"]
[Round "1"]
[White "Nimzo"]
[Black "Szustan"]
[WhiteElo "2760"]
[BlackElo "2670"]
[Result "1/2-1/2"]
[Round "1"]
1.d4 d5
2.c4 dxc4
3.Ng1f3 Ng8f6
4.e3 e6
5.Bf1xc4 c5
6.O-O a6
7.Nb1c3 b5
8.Bc4e2 Bc8b7
9.dxc5 Qd8xd1
10.Rf1xd1 Bf8xc5
11.Nf3d2 O-O
12.Nd2b3 Bc5b4
13.Bc1d2 Nb8d7
14.a4 bxa4
15.Nc3xa4 a5
16.Bd2xb4 axb4
17.Na4c5 Bb7d5
18.Ra1xa8 Rf8xa8
19.f3 Ra8a2
20.Rd1d2 Bd5xb3
21.Nc5xb3 g5
22.e4 Kg7
23.Kf2 Ra2a8
24.Ke3 h5
25.Rd2c2 Nd7e5
26.g3 g4
27.f4 Ne5g6
28.Rc2c7 Kf8
29.Nb3d2 Ng6e7
30.Rc7c1 Nf6d7
31.Be2d3 Nd7b6
32.Nd2c4 Nb6xc4
33.Bd3xc4 Kg7
34.Rc1d1 Ra8c8
35.Bc4b3 Rc8c7
36.Rd1a1 Ne7c8
37.Kd4 Rc7d7
38.Ke3 Rd7c7
39.Kd4 { draw }
1/2-1/2

[Event "Tourn. n10298"]
[Site "www.chess-mail.com"]
[Date "2020.03.14"]
[Round "1"]
[White "Madz123456"]
[Black "Passaroa25"]
[WhiteElo "1640"]
[BlackElo "1730"]
[Result "1-0"]
[Round "1"]
1.e4 Nb8c6
2.d4 Ng8f6
3.d5 Nc6e5
4.f4 Ne5g6
5.e5 Nf6e4
6.Qd1e2 Ne4c5
7.f5 Ng6h4
8.Qe2h5 Nh4g6
9.fxg6 fxg6
10.Qh5g4 e6
11.b4 Nc5a6
12.Bf1xa6 bxa6
13.Ng1e2 Bf8xb4
14.Qg4xb4 exd5
15.O-O d6
16.Qb4c3 Bc8e6
17.Ne2d4 Be6f7
18.Qc3c6 Ke7
19.Bc1g5 Kf8
20.Bg5xd8 Ra8xd8
21.Qc6xc7 Ke8
22.Qc7xf7 
1-0

[Event "1/64 Finale"]
[Site "www.chess-mail.com"]
[Date "2020.03.14"]
[Round "1"]
[White "Esperanza"]
[Black "Passaroa25"]
[WhiteElo "2060"]
[BlackElo "1700"]
[Result "1-0"]
[Round "1"]
1.d4 Nb8c6
2.Bc1f4 d6
3.Ng1f3 Bc8d7
4.e3 Ng8f6
5.h3 e6
6.Bf1e2 Bf8e7
7.O-O O-O
8.Nb1d2 Nf6d5
9.Bf4g3 Be7f6
10.c4 Nd5b4
11.a3 Nb4a6
12.b4 Nc6e7
13.b5 Na6b8
14.Nd2e4 b6
15.a4 Ne7g6
16.Ne4xf6 Qd8xf6
17.Nf3d2 Bd7c8
18.Be2f3 Nb8d7
19.Bf3xa8 Ng6e7
20.Ba8f3 Ne7f5
21.Bg3h2 g6
22.a5 e5
23.dxe5 Nd7xe5
24.axb6 cxb6
25.Ra1xa7 Ne5d7
26.Nd2e4 Qf6e6
27.Ne4xd6 Nf5xd6
28.Qd1xd6 Nd7c5
29.Qd6xe6 Bc8xe6
30.Bh2d6 Be6xc4
31.Bd6xf8 Bc4xf1
32.Bf8h6 Bf1xb5
33.Ra7a8 { resign }
1-0

[Event "Match"]
[Site "www.echecsemail.com"]
[Date "2020.03.14"]
[Round "1"]
[White "Joseph1983"]
[Black "Apdash"]
[WhiteElo "2180"]
[BlackElo "2200"]
[Result "1-0"]
[Round "1"]
1.d4 Ng8f6
2.c4 g6
3.Nb1c3 Bf8g7
4.e4 d6
5.Ng1f3 Bc8g4
6.Bf1e2 a6
7.O-O O-O
8.h3 Bg4xf3
9.Be2xf3 c6
10.a4 Qd8c7
11.Qd1e2 Nb8d7
12.Bc1f4 e5
13.Bf4e3 exd4
14.Be3xd4 Nd7e5
15.g3 Ra8e8
16.Bf3g2 d5
17.cxd5 cxd5
18.exd5 Ne5c6
19.Qe2c4 Nf6xd5
20.Nc3xd5 Qc7d7
21.Nd5f6 Bg7xf6
22.Bd4xf6 Re8e6
23.Ra1d1 Re6d6
24.Qc4h4 h5
25.Bg2f3 Rd6xd1
26.Rf1xd1 Qd7f5
27.Bf3g4 g5
28.Qh4xh5 Qf5xf6
29.Rd1d5 Nc6e5
30.f4 Qf6b6
31.Kh1 Ne5g6
32.Rd5xg5 Qb6c6
33.Bg4f3 Qc6c1
34.Kh2 Qc1c2
35.Bf3g2 Rf8d8
36.f5 Rd8d2
37.Qh5f3 Qc2xb2
38.fxg6 f6
39.Rg5d5 { resign }
1-0

[Event "Match"]
[Site "www.echecsemail.com"]
[Date "2020.03.14"]
[Round "1"]
[White "Ztornad"]
[Black "Logout"]
[WhiteElo "1970"]
[BlackElo "2040"]
[Result "0-1"]
[Round "1"]
1.Ng1f3 d5
2.d4 Ng8f6
3.Nb1d2 Nb8c6
4.h3 g6
5.e3 Bf8g7
6.Nf3e5 Nc6xe5
7.dxe5 Nf6e4
8.Nd2xe4 dxe4
9.Qd1xd8 Kxd8
10.Bf1c4 e6
11.O-O Bg7xe5
12.Rf1d1 Ke7
13.Ra1b1 a6
14.b3 b5
15.Bc4e2 Bc8b7
16.Bc1a3 Be5d6
17.Ba3b2 Rh8d8
18.g3 f5
19.c4 c6
20.Rb1c1 Ra8c8
21.Rd1f1 Bd6b4
22.Bb2c3 Bb4xc3
23.Rc1xc3 Rd8d2
24.Be2d1 Rd2xa2
25.Rc3c2 Ra2xc2
26.Bd1xc2 c5
27.Rf1b1 b4
28.Kf1 Bb7c6
29.Rb1a1 Bc6b7
30.g4 Kf6
31.h4 h6
32.gxf5 gxf5
33.Ra1d1 Ke7
34.Ke2 Bb7c6
35.Rd1g1 Kf7
36.h5 Rc8g8
37.Rg1h1 Kf6
38.Bc2d1 Bc6e8
39.Kd2 Be8f7
40.Bd1e2 e5
41.f4 exf3
42.Be2xf3 e4
43.Bf3d1 Rg8g2
44.Kc1 a5
45.Rh1e1 a4
46.bxa4 Bf7xc4
47.a5 Ke5
48.Bd1c2 Rg2h2
49.Bc2d1 Rh2a2
50.Re1g1 Ra2xa5
51.Rg1g6 Ra5a6
52.Rg6xa6 Bc4xa6
53.Bd1a4 Ba6e2
54.Ba4e8 c4
55.Be8f7 c3
56.Bf7e8 b3
57.Be8a4 b2
58.Kb1 Be2xh5
59.Ba4b3 Bh5e2
60.Bb3c2 { time. }
0-1

[Event "Tourn. n10301"]
[Site "www.chess-mail.com"]
[Date "2020.03.14"]
[Round "1"]
[White "Iko"]
[Black "Madz123456"]
[WhiteElo "1720"]
[BlackElo "1750"]
[Result "0-1"]
[Round "1"]
1.e4 c5
2.Bf1c4 e6
3.Ng1f3 Nb8c6
4.O-O d5
5.exd5 exd5
6.Bc4b5 Bf8d6
7.Bb5xc6 bxc6
8.b3 Ng8e7
9.Nf3g5 O-O
10.Qd1h5 h6
11.Ng5f3 Ne7f5
12.Nb1c3 g6
13.Qh5g4 Nf5d4
14.Qg4h4 Nd4xf3
15.gxf3 Qd8xh4
16.Nc3e2 Qh4xh2

0-1

[Event "Match"]
[Site "www.echecsemail.com"]
[Date "2020.03.14"]
[Round "1"]
[White "Anemoa"]
[Black "Dementia"]
[WhiteElo "1799"]
[BlackElo "2659"]
[Result "1-0"]
[Round "1"]
1.e4 e5
2.Ng1f3 Nb8c6
3.Bf1b5 a6
4.Bb5a4 d6
5.c3 Bc8d7
6.d4 g6
7.O-O Bf8g7
8.Bc1e3 Ng8f6
9.Nb1d2 O-O
10.h3 Qd8e8
11.Ba4xc6 Bd7xc6
12.dxe5 dxe5
13.Nf3xe5 Bc6xe4
14.Nd2xe4 { resign }
1-0

[Event "Match"]
[Site "www.echecsemail.com"]
[Date "2020.03.14"]
[Round "1"]
[White "Dementia"]
[Black "Anemoa"]
[WhiteElo "2659"]
[BlackElo "1799"]
[Result "0-1"]
[Round "1"]
1.e4 c6
2.d4 d5
3.Nb1c3 dxe4
4.Nc3xe4 Bc8g4
5.Qd1xg4 Ng8h6
6.Ng1f3 Nh6xg4
7.h3 Qd8a5
8.Bc1d2 Qa5b6
9.hxg4 Qb6xb2
10.Ra1b1 Qb2xb1
11.Ke2 Qb1xc2
12.Nf3e1 Qc2xe4
13.Kd1 Qe4b1
14.Ke2 Qb1xa2
15.Ne1f3 e6
16.Nf3e5 Qa2d5
17.Rh1h5 Qd5e4
{ resign }
0-1

[Event "Match"]
[Site "www.echecsemail.com"]
[Date "2020.03.14"]
[Round "1"]
[White "Biohazard"]
[Black "Anemoa"]
[WhiteElo "2380"]
[BlackElo "2279"]
[Result "0-1"]
[Round "1"]
1.e4 e5
2.Ng1f3 Nb8c6
3.Bf1b5 f5
4.Nb1c3 fxe4
5.Nc3xe4 Ng8f6
6.Qd1e2 Nf6xe4
7.Qe2xe4 Bf8c5
8.O-O a6
9.Rf1e1 axb5
10.Nf3xe5 Nc6xe5
11.Qe4xe5 Qd8e7
12.Qe5xe7 Bc5xe7
13.Re1xe7 Kxe7
{ resign }
0-1

[Event "Tourn. n10286"]
[Site "www.chess-mail.com"]
[Date "2020.03.14"]
[Round "1"]
[White "Pariolinius"]
[Black "Apdash"]
[WhiteElo "2000"]
[BlackElo "2270"]
[Result "0-1"]
[Round "1"]
1.e4 e5
2.Ng1f3 Nb8c6
3.Bf1b5 Bf8c5
4.O-O d6
5.h3 Bc8d7
6.c3 a6
7.Bb5a4 Ng8f6
8.Rf1e1 O-O
9.d3 b5
10.Ba4c2 h6
11.Nb1d2 Nc6e7
12.Nd2f1 Bc5a7
13.Nf1g3 Bd7e6
14.d4 Ne7g6
15.Bc1e3 exd4
16.cxd4 c6
17.b3 d5
18.e5 Nf6d7
19.Ra1c1 Ra8c8
20.b4 a5
21.a3 axb4
22.axb4 Nd7b6
23.Rc1a1 Qd8d7
24.Qd1b1 Ng6e7
25.Nf3d2 Nb6c4
26.Nd2b3 Ba7b6
27.Nb3c5 Bb6xc5
28.bxc5 f5
29.f4 Ne7g6
30.Qb1c1 Nc4xe3
31.Qc1xe3 Rc8a8
32.Ng3e2 Ng6h8
33.Ne2g3 g6
34.Ra1a3 Ra8xa3
35.Qe3xa3 Qd7b7
36.Qa3b4 Rf8a8
37.Bc2b3 Ra8a7
38.Kh2 Qb7a8
39.Re1e2 Ra7a1
40.Re2e1 Ra1xe1
41.Qb4xe1 Qa8a3
42.Qe1b1 Qa3b4
43.Qb1b2 Nh8f7
44.Ng3e2 g5
45.g3 Qb4e1
46.Ne2g1 gxf4
47.gxf4 Qe1e3
48.Ng1e2 Qe3f2
49.Kh1 Nf7g5
50.fxg5 f4
51.Bb3d1 Be6xh3
{ resign }
0-1

[Event "Match"]
[Site "www.echecsemail.com"]
[Date "2020.03.14"]
[Round "1"]
[White "Anemoa"]
[Black "Biohazard"]
[WhiteElo "2579"]
[BlackElo "2340"]
[Result "1-0"]
[Round "1"]
1.e4 c6
2.Nb1c3 d5
3.Ng1f3 Bc8g4
4.h3 Bg4xf3
5.Qd1xf3 Ng8f6
6.d3 e6
7.Bc1d2 Nb8d7
8.g4 g6
9.Qf3g2 Bf8g7
10.f4 d4
11.Nc3e2 e5
12.fxe5 O-O
13.exf6 { resign }
1-0

[Event "Fast Game"]
[Site "www.echecsemail.com"]
[Date "2020.03.15"]
[Round "1"]
[White "Stevep84"]
[Black "Add"]
[WhiteElo "1820"]
[BlackElo "1810"]
[Result "1-0"]
[Round "1"]
1.e4 e5
2.d4 exd4
3.c3 dxc3
4.Bf1c4 Qd8f6
5.Nb1xc3 c6
6.Ng1f3 h6
7.O-O d6
8.e5 dxe5
9.Nf3xe5 Bc8e6
10.Rf1e1 Bf8c5
11.Ne5g4 Qf6e7
12.Bc4xe6 fxe6
13.Qd1b3 Qe7d7
14.Re1xe6 Bc5e7
15.Bc1f4 Nb8a6
16.Ra1d1 Na6c5
17.Rd1xd7 Nc5xb3
18.Rd7xe7 Ng8xe7
19.axb3 Kf7
20.Re6d6 Rh8e8
21.Kf1 Ra8d8
22.Nc3e4 Ne7d5
23.Rd6xd8 Re8xd8
24.Ng4e5 Kg8
25.Bf4g3 Nd5b4
26.Ke2 a6
27.f3 Nb4d5
28.Ne4c5 Rd8e8
29.Nc5xb7 Re8b8
30.Nb7c5 Rb8b5
31.Ne5d7 Nd5b4
32.Kd2 Rb5a5
33.Bg3c7 Ra5a2
34.Bc7g3 a5
35.Kc3 Nb4d5
36.Kc2 Nd5e3
37.Kb1 Ra2xb2
38.Kxb2 Ne3xg2
39.Nd7e5 Ng2e3
40.Nc5b7 { resign }
1-0

[Event "Match"]
[Site "www.echecsemail.com"]
[Date "2020.03.15"]
[Round "1"]
[White "Fabos12"]
[Black "Ardhitama"]
[WhiteElo "1570"]
[BlackElo "1499"]
[Result "1-0"]
[Round "1"]
1.d4 d5
2.Ng1f3 Ng8f6
3.Bc1f4 e6
4.c3 Bf8e7
5.Nb1d2 O-O
6.h3 Nb8d7
7.g4 c6
8.Bf1g2 Rf8e8
9.Nf3e5 Nd7f8
10.Nd2f3 Be7d6
11.Nf3d2 Qd8c7
12.e4 dxe4
13.Nd2xe4 Nf6xe4
14.Bg2xe4 Bd6xe5
15.Bf4xe5 Qc7b6
16.Qd1c2 f6
17.Be5h2 e5
18.O-O-O exd4
19.Rd1xd4 Bc8e6
20.b4 a5
21.a3 axb4
22.axb4 Ra8a2
23.Qc2d3 Re8a8
24.Bh2d6 Ra2a1
25.Kd2 Ra8a2
26.Ke3 Ra1xh1
27.Be4xh1 Nf8g6
28.Bd6c5 Qb6c7
29.Rd4d6 Ng6e5
30.Rd6d8 Kf7
31.Rd8f8 
1-0

[Event "Match"]
[Site "www.echecsemail.com"]
[Date "2020.03.15"]
[Round "1"]
[White "Guidom"]
[Black "Phil4be"]
[WhiteElo "2120"]
[BlackElo "1869"]
[Result "1-0"]
[Round "1"]
1.e4 g5
2.d4 h6
3.c3 d6
4.Ng1f3 Bc8g4
5.Bf1e2 Bg4xf3
6.Be2xf3 Nb8c6
7.O-O Qd8d7
8.Bc1e3 Bf8g7
9.Nb1d2 O-O-O
10.Nd2c4 Ng8f6
11.Qd1c2 Kb8
12.a3 Rh8g8
13.b4 a6
14.a4 e5
15.d5 Nc6e7
16.b5 axb5
17.axb5 Qd7xb5
18.Bf3e2 Ne7g6
19.Nc4xd6 Qb5d7
20.Ra1a8 Kxa8
21.Qc2a2 Kb8
22.Qa2a7 
1-0

[Event "Match"]
[Site "www.echecsemail.com"]
[Date "2020.03.15"]
[Round "1"]
[White "Azocarwagner"]
[Black "Cal"]
[WhiteElo "1850"]
[BlackElo "1710"]
[Result "1/2-1/2"]
[Round "1"]
1.e4 e5
2.Ng1f3 d6
3.Bf1c4 a6
4.d4 exd4
5.Nf3xd4 Ng8f6
6.O-O c5
7.Nd4f3 Bc8e6
8.Qd1e2 h6
9.Rf1d1 { draw }
1/2-1/2

[Event "Tourn. n10305"]
[Site "www.chess-mail.com"]
[Date "2020.03.15"]
[Round "1"]
[White "Ditto"]
[Black "Osopanda"]
[WhiteElo "2000"]
[BlackElo "1840"]
[Result "0-1"]
[Round "1"]
1.e4 e5
2.Ng1f3 Nb8c6
3.Bf1c4 Ng8f6
4.d4 exd4
5.Nf3xd4 Nf6xe4
6.Nd4xc6 bxc6
7.O-O d5
8.Bc4d3 Bf8d6
9.Rf1e1 O-O
10.Qd1f3 Qd8h4
11.h3 Bc8xh3
12.Qf3xh3 Qh4xf2
13.Kh1 Qf2xe1
{ resign }
0-1

[Event "Match"]
[Site "www.echecsemail.com"]
[Date "2020.03.15"]
[Round "1"]
[White "Babedad"]
[Black "Ll69"]
[WhiteElo "2190"]
[BlackElo "2290"]
[Result "0-1"]
[Round "1"]
1.b3 f5
2.Bc1b2 Ng8f6
3.Bb2xf6 exf6
4.c4 b6
5.Nb1c3 Bc8b7
6.e3 Nb8a6
7.d4 Bf8b4
8.Qd1c2 O-O
9.Ng1f3 f4
10.O-O-O fxe3
11.fxe3 Bb4a3
12.Kb1 Na6b4
13.Qc2f5 Qd8e7
14.Nc3b5 Bb7e4
{ resign }
0-1

[Event "Match"]
[Site "www.echecsemail.com"]
[Date "2020.03.15"]
[Round "1"]
[White "Koudelka"]
[Black "Fantomas"]
[WhiteElo "2070"]
[BlackElo "2160"]
[Result "1-0"]
[Round "1"]
1.e4 e5
2.Ng1f3 Nb8c6
3.d4 exd4
4.Nf3xd4 Ng8f6
5.Nd4xc6 bxc6
6.Bf1d3 d5
7.exd5 cxd5
8.O-O Bf8e7
9.c4 d4
10.Nb1a3 c5
11.Bc1g5 h6
12.Bg5xf6 Be7xf6
13.Qd1f3 Bc8d7
14.Rf1e1 Bf6e7
15.Na3b5 Kf8
16.Re1e2 a6
17.Ra1e1 Be7f6
18.Nb5d6 Ra8b8
19.Nd6xf7 Kxf7
20.Qf3d5 { resign }
1-0

[Event "Tourn. n10319"]
[Site "www.chess-mail.com"]
[Date "2020.03.15"]
[Round "1"]
[White "Ket"]
[Black "Karclop"]
[WhiteElo "2029"]
[BlackElo "1600"]
[Result "0-1"]
[Round "1"]
1.e4 e6
2.d4 d5
3.Nb1c3 Ng8f6
4.exd5 exd5
5.Ng1f3 c6
6.Bf1d3 Bf8d6
7.O-O O-O
8.Bc1g5 Bc8g4
9.h3 Bg4h5
10.Rf1e1 Nb8d7
11.Bd3e2 Qd8c7
12.Qd1d2 Rf8e8
13.Ra1d1 Bh5g6
14.Be2d3 Bg6xd3
15.Qd2xd3 a5
16.a3 b5
17.Qd3f5 h6
18.Bg5xf6 Nd7xf6
19.Nf3e5 Re8e7
20.Re1e2 Ra8e8
21.Rd1e1 b4
22.axb4 axb4
23.Nc3a4 Nf6e4
24.Re2e3 Bd6xe5
25.dxe5 Re7xe5
26.Qf5f4 f6
27.f3 Ne4g5
{ resign }
0-1

[Event "Match"]
[Site "www.echecsemail.com"]
[Date "2020.03.15"]
[Round "1"]
[White "Aiko1603"]
[Black "Coraza"]
[WhiteElo "2060"]
[BlackElo "1840"]
[Result "1-0"]
[Round "1"]
1.c4 e5
2.Nb1c3 Ng8f6
3.g3 b6
4.Bf1g2 c6
5.d3 Bf8b4
6.Bc1d2 Bb4c5
7.Ng1f3 Bc5xf2
8.Kxf2 d6
9.Rh1f1 Bc8g4
10.Kg1 O-O
11.Nf3g5 h6
12.Ng5f3 Bg4xf3
13.Bg2xf3 b5
14.cxb5 d5
15.bxc6 Qd8b6
16.Kg2 Qb6xc6
17.Qd1b3 Rf8d8
18.Ra1c1 Qc6d7
19.Nc3b5 Nb8a6
20.a4 Ra8b8
21.Qb3d1 e4
22.Bf3xe4 dxe4
23.d4 Qd7d5
24.e3 Qd5d7
25.Bd2a5 Rd8e8
26.b3 Nf6g4
27.Qd1e2 f5
28.h3 Ng4f6
29.Ba5c7 Rb8b7
30.Bc7e5 Nf6h7
31.Nb5d6 Rb7b6
32.Nd6xe8 Qd7xe8
33.Rf1xf5 Na6b4
34.Qe2g4 Rb6g6
35.Qg4xg6 Qe8xg6
36.Rc1c8 Nh7f8
37.Rf5xf8 { resign }
1-0

[Event "Match"]
[Site "www.echecsemail.com"]
[Date "2020.03.15"]
[Round "1"]
[White "Coraza"]
[Black "Paco"]
[WhiteElo "1760"]
[BlackElo "1720"]
[Result "1/2-1/2"]
[Round "1"]
1.Ng1f3 Nb8c6
2.e4 e5
3.Bf1c4 Bf8c5
4.O-O d6
5.d3 Qd8f6
6.Nf3g5 Bc8e6
7.Qd1f3 Nc6d4
8.Qf3d1 O-O-O
9.Bc4xe6 fxe6
10.Nb1c3 h6
11.Ng5h3 g5
12.Nc3e2 g4
13.Ne2xd4 gxh3
14.Nd4f3 hxg2
15.Kxg2 h5
16.Bc1g5 Qf6g7
17.Kh1 Rd8d7
18.Rf1g1 Bc5xf2
19.Rg1g2 Bf2c5
20.Bg5e3 Qg7f6
21.Be3g5 Qf6f7
22.Bg5h4 Ng8h6
23.h3 Rh8f8
24.Rg2g3 Qf7e8
25.Bh4g5 Rf8g8
26.Qd1d2 Nh6g4
27.hxg4 hxg4
28.Rg3xg4 Qe8h5
{ draw }
1/2-1/2

[Event "Match"]
[Site "www.echecsemail.com"]
[Date "2020.03.16"]
[Round "1"]
[White "Silverking"]
[Black "Liencam2"]
[WhiteElo "2210"]
[BlackElo "2210"]
[Result "0-1"]
[Round "1"]
1.c4 b6
2.Nb1c3 Bc8b7
3.Ng1f3 e6
4.e3 f5
5.d4 Ng8f6
6.d5 Nb8a6
7.a3 Na6c5
8.b4 Nc5e4
9.Nc3xe4 fxe4
10.Nf3e5 exd5
11.Bc1b2 Bf8d6
12.Qd1b3 Qd8e7
13.Qb3c3 O-O
14.Bf1e2 Ra8e8
15.Ne5g4 Nf6xg4
16.Be2xg4 Qe7f7
17.Qc3c2 dxc4
18.h4 Bd6e5
19.Bb2xe5 Re8xe5
20.O-O-O d5
21.Rd1f1 Qf7e7
22.Qc2c3 Bb7c8
23.Bg4e2 Bc8d7
24.g4 c5
25.bxc5 bxc5
26.h5 h6
27.Rh1g1 Rf8b8
28.Be2d1 Qe7d6
29.Bd1c2 Qd6f6
30.Kd2 Bd7e6
31.Rg1g3 d4
32.exd4 cxd4
33.Qc3a1 c3
34.Ke1 Rb8b2
35.Qa1d1 d3
36.Bc2a4 Rb2e2
{ resign }
0-1

[Event "Fast Game"]
[Site "www.echecsemail.com"]
[Date "2020.03.16"]
[Round "1"]
[White "Ket"]
[Black "Calponas"]
[WhiteElo "1599"]
[BlackElo "1599"]
[Result "1-0"]
[Round "1"]
1.e4 c5
2.Ng1f3 Nb8c6
3.d4 cxd4
4.Nf3xd4 e5
5.Nd4b3 d6
6.Nb1c3 Ng8f6
7.f3 h5
8.Bc1g5 Bf8e7
9.Qd1d2 Bc8e6
10.O-O-O Be6xb3
11.cxb3 Ra8c8
12.Kb1 Qd8a5
13.Bg5xf6 gxf6
14.Bf1c4 a6
15.Nc3d5 Qa5d8
16.h3 b5
17.Bc4d3 h4
18.f4 Nc6d4
19.fxe5 fxe5
20.Rh1f1 Rh8h7
21.Rd1c1 Rc8xc1
22.Rf1xc1 Be7g5
23.Nd5e3  { time }
1-0

[Event "Tourn. n10313"]
[Site "www.chess-mail.com"]
[Date "2020.03.16"]
[Round "1"]
[White "Fantomas"]
[Black "Filidor"]
[WhiteElo "2160"]
[BlackElo "2280"]
[Result "0-1"]
[Round "1"]
1.e4 e5
2.Ng1f3 Nb8c6
3.d4 exd4
4.Nf3xd4 Ng8f6
5.Nd4xc6 bxc6
6.Bf1d3 d5
7.exd5 cxd5
8.O-O Bf8e7
9.c3 O-O
10.h3 h6
11.Nb1d2 Be7d6
12.Nd2f3 c5
13.Bc1e3 Bc8e6
14.Qd1c2 Qd8d7
15.Nf3e1 Be6xh3
16.gxh3 Qd7xh3
17.f3 c4
18.Bd3f5 Qh3g3
19.Qc2g2 Qg3e5
20.Be3xh6 Bd6c5
21.Kh1 Nf6h5
22.f4 Qe5xf5
23.Rf1f3 Qf5h7
24.Bh6g5 Nh5g3
{ resign }
0-1

[Event "Match"]
[Site "www.echecsemail.com"]
[Date "2020.03.16"]
[Round "1"]
[White "Coraza"]
[Black "Ericleo1980"]
[WhiteElo "1840"]
[BlackElo "2000"]
[Result "0-1"]
[Round "1"]
1.e4 c5
2.Bf1c4 e6
3.d3 d6
4.Ng1f3 a6
5.O-O b5
6.Bc4b3 Nb8d7
7.Rf1e1 Qd8c7
8.Nb1c3 Bf8e7
9.a4 b4
10.Nc3e2 Ng8f6
11.Bc1g5 Bc8b7
12.Ne2g3 O-O
13.Bg5xf6 Nd7xf6
14.h3 a5
15.e5 dxe5
16.Nf3xe5 Be7d6
17.Ne5g4 Bd6xg3
18.Ng4xf6 gxf6
19.Qd1g4 Kh8
20.fxg3 Rf8g8
21.Qg4h4 Rg8xg3
22.Qh4xf6 Kg8
23.Re1e2 Qc7c6
24.Ra1f1 Rg3xg2
{ resign }
0-1

[Event "Tourn. n10304"]
[Site "www.chess-mail.com"]
[Date "2020.03.16"]
[Round "1"]
[White "Patriciomeza"]
[Black "Coolant"]
[WhiteElo "2379"]
[BlackElo "2370"]
[Result "1-0"]
[Round "1"]
1.e4 Nb8c6
2.Ng1f3 d6
3.d4 Bc8g4
4.d5 Nc6e5
5.Nf3xe5 Bg4xd1
6.Bf1b5 c6
7.dxc6 Qd8a5
8.Nb1c3 a6
9.b4 Qa5xb5
10.Nc3xb5 axb5
11.cxb7 Ra8b8
12.Ne5c6 Rb8xb7
13.Kxd1 Ng8f6
14.f3 Kd7
15.Nc6a5 Rb7c7
16.a4 bxa4
17.Ra1xa4 e5
18.c4 Bf8e7
19.Bc1e3 Rh8a8
20.Kc2 Rc7xc4
21.Na5xc4 { resign }
1-0

[Event "Tourn. n10299"]
[Site "www.chess-mail.com"]
[Date "2020.03.16"]
[Round "1"]
[White "Ardhitama"]
[Black "Fereike"]
[WhiteElo "1819"]
[BlackElo "1570"]
[Result "1/2-1/2"]
[Round "1"]
1.e4 c6
2.d4 d5
3.Nb1c3 dxe4
4.Nc3xe4 Nb8d7
5.Ng1f3 Ng8f6
6.Ne4xf6 Nd7xf6
7.Bf1c4 e6
8.O-O Qd8c7
9.Bc1g5 Bf8e7
10.Qd1e2 O-O
11.c3 h6
12.Bg5h4 Nf6d5
13.Bh4xe7 Nd5xe7
14.a4 Ne7d5
15.Bc4xd5 { draw }
1/2-1/2

[Event "Tourn. n10326"]
[Site "www.chess-mail.com"]
[Date "2020.03.16"]
[Round "1"]
[White "Ket"]
[Black "Fantomas"]
[WhiteElo "2119"]
[BlackElo "2140"]
[Result "0-1"]
[Round "1"]
1.e4 e5
2.f4 exf4
3.Ng1f3 Bf8e7
4.Bf1c4 Be7h4
5.Kf1 Ng8h6
6.d4 d6
7.Bc1xf4 Bc8g4
8.Nb1d2 Nh6g8
9.Qd1e2 h6
10.g3 Bh4g5
11.Qe2e3 Bg4h3
12.Kf2 Bg5e7
13.Qe3b3 b6
14.Bc4xf7 Kd7
15.Qb3e6 Bh3xe6
{ resign }
0-1

[Event "1/32 Finale"]
[Site "www.chess-mail.com"]
[Date "2020.03.16"]
[Round "1"]
[White "Bevittsmith"]
[Black "Reignblowcan"]
[WhiteElo "2300"]
[BlackElo "2650"]
[Result "0-1"]
[Round "1"]
1.e4 d5
2.exd5 Qd8xd5
3.Nb1c3 Qd5d8
4.d4 c6
5.Ng1f3 Bc8f5
6.Bf1c4 e6
7.O-O Bf8e7
8.Bc1e3 Nb8d7
9.Nc3e2 Ng8f6
10.Ne2g3 Bf5g6
11.Qd1d2 Nf6d5
12.Bc4xd5 cxd5
13.Nf3e5 Nd7xe5
14.dxe5 Qd8c7
15.c3 h5
16.f4 h4
17.Ng3e2 h3
18.Ne2g3 hxg2
19.Kxg2 O-O-O
20.Qd2f2 Rh8h7
21.Be3xa7 Rd8h8
22.Rf1h1 Be7h4
23.Qf2c5 Bh4xg3
24.Qc5xc7 Kxc7
25.Kxg3 Bg6e4
{ resign }
0-1

[Event "Match"]
[Site "www.echecsemail.com"]
[Date "2020.03.16"]
[Round "1"]
[White "Sociopath"]
[Black "Jerome"]
[WhiteElo "2830"]
[BlackElo "2880"]
[Result "0-1"]
[Round "1"]
1.e4 c5
2.Ng1f3 e6
3.d4 cxd4
4.Nf3xd4 Ng8f6
5.Nb1c3 d6
6.Bc1e3 a6
7.a3 b5
8.g4 Bc8b7
9.Bf1g2 h5
10.g5 Nf6g4
11.Be3c1 Qd8b6
12.h3 Ng4e5
13.f4 Nb8c6
14.Bc1e3 Ne5c4
15.Be3f2 Nc4xb2
16.Qd1c1 Nb2c4
17.Nd4e2 Qb6c7
18.O-O Bf8e7
19.Qc1d1 g6
20.Qd1d3 O-O
21.Qd3g3 Ra8c8
22.Rf1b1 Rf8d8
23.Kh1 Be7f8
24.f5 Nc4e5
25.f6 Ne5d7
26.Ne2f4 Nc6e5
27.Bf2e1 Nd7c5
28.Qg3f2 d5
29.exd5 Ne5c4
30.a4 e5
31.Nf4xg6 fxg6
32.axb5 axb5
33.Ra1a7 Qc7b6
34.Ra7a1 b4
35.Qf2e2 Nc4d6
36.Be1f2 Nd6f5
37.Qe2xe5 Bf8d6
38.f7 Kh7
39.Qe5e1 Qb6c7
40.Rb1xb4 Qc7xf7
41.Ra1b1 Rd8e8
42.Qe1d2 Bb7a6
43.Rb4b6 Qf7g7
44.Rb1e1 Re8e7
45.Re1xe7 Qg7xe7
46.Qd2e1 Qe7xg5
47.Rb6xd6 Nf5xd6
48.Bf2h4 Qg5f4
49.Bh4g3 Qf4f8
50.Kh2 Rc8e8
51.Qe1f2 Qf8xf2
52.Bg3xf2 Nc5d7
53.Kg3 Nd6f5
54.Kh2 Re8c8
55.Bf2e1 Nd7f6
56.Be1d2 Ba6b7
57.Kg1 Nf5d4
58.Kf1 Nd4xc2
59.Kf2 Nc2b4
60.Kg1 Nb4xd5
61.Nc3b5 Rc8c2
62.Bd2g5 Nd5f4
63.Bg2f1 Nf6d5
64.Bg5xf4 Nd5xf4
65.Nb5d4 Rc2d2
66.Nd4b3 Rd2b2
67.Nb3c5 Bb7c6
68.h4 Kg7
69.Bf1c4 Rb2c2
70.Nc5e6 Nf4xe6
71.Bc4xe6 Kf6
72.Be6c8 Bc6f3
73.Bc8a6 Bf3e4
74.Ba6b5 Kf5
75.Kf1 Kg4
76.Bb5a4 Rc2b2
77.Ke1 Kxh4
78.Kd1 g5
79.Kc1 Rb2f2
80.Kd1 Kg3
81.Ke1 h4
82.Ba4b5 h3
83.Bb5e2 h2
84.Kd1 h1Q
85.Kd2 Qh1f3
86.Kc1 Rf2xe2
87.Kd1 Qf3f1
{ resign }
0-1

[Event "Match"]
[Site "www.echecsemail.com"]
[Date "2020.03.16"]
[Round "1"]
[White "Eeze"]
[Black "Ranjachess"]
[WhiteElo "1730"]
[BlackElo "1830"]
[Result "0-1"]
[Round "1"]
1.e4 e5
2.Ng1f3 d6
3.h3 Ng8f6
4.d3 g6
5.Bc1g5 Bf8g7
6.Bf1e2 O-O
7.c3 d5
8.Nb1d2 Qd8d6
9.Qd1b3 Nb8c6
10.Bg5xf6 { time. }
0-1

[Event "Tourn. n10302"]
[Site "www.chess-mail.com"]
[Date "2020.03.17"]
[Round "1"]
[White "Fbeley"]
[Black "Patriciomeza"]
[WhiteElo "2030"]
[BlackElo "2369"]
[Result "0-1"]
[Round "1"]
1.e4 Ng8f6
2.Nb1c3 d5
3.d4 dxe4
4.Bc1g5 c6
5.Bg5xf6 exf6
6.Nc3xe4 f5
7.Ne4c3 Bf8d6
8.Ng1f3 O-O
9.Bf1e2 Nb8d7
10.O-O Nd7f6
11.Rf1e1 Bc8e6
12.a3 Qd8c7
13.h3 a5
14.Be2d3 b5
15.Nc3e2 Rf8b8
16.c3 g6
17.Nf3g5 Be6d5
18.Ne2g3 Bd6xg3
 { time }
0-1

[Event "Match"]
[Site "www.echecsemail.com"]
[Date "2020.03.17"]
[Round "1"]
[White "Dussek"]
[Black "Apdash"]
[WhiteElo "1900"]
[BlackElo "2180"]
[Result "1-0"]
[Round "1"]
1.e4 c5
2.Ng1f3 Nb8c6
3.d4 Nc6xd4
4.Nf3xd4 cxd4
5.Qd1xd4 e6
6.Nb1c3 d6
7.g4 Bc8d7
8.Bc1e3 e5
9.Qd4d1 a6
10.Bf1c4 Ng8f6
11.f3 b5
12.Bc4e2 Bd7e6
13.g5 Nf6d7
14.Qd1d2 Nd7b6
15.O-O-O b4
16.Nc3d5 Be6xd5
17.exd5 a5
18.Be2b5 Nb6d7
19.h4 Bf8e7
20.f4 O-O
21.f5 f6
22.Rh1g1 fxg5
23.Be3xg5 Rf8xf5
24.Bb5d3 Be7xg5
25.hxg5 Rf5f4
26.Qd2h2 Nd7f8
27.Qh2g3 Ra8a7
28.g6 hxg6
29.Bd3xg6 Qd8f6
30.Qg3e3 Ra7c7
31.Bg6e4 a4
32.Kb1 b3
33.axb3 axb3
34.cxb3 Nf8d7
35.Be4c2 Rf4f2
36.Rd1c1 Nd7c5
37.b4 Nc5d7
38.Bc2h7 Kxh7
39.Rc1xc7 Qf6f5
40.Ka2 Qf5c2
41.Rc7xc2 { resign }
1-0